Necesidad y posibilidad de privatización de las empresas públicas (Registro nro. 17892)
[ vista simple ]
| 000 -LEADER | |
|---|---|
| fixed length control field | 00421 a2200133 4500 |
| 001 - CONTROL NUMBER | |
| control field | ART_10362 |
| 005 - DATE AND TIME OF LATEST TRANSACTION | |
| control field | 20260410161731.0 |
| 008 - FIXED-LENGTH DATA ELEMENTS--GENERAL INFORMATION | |
| fixed length control field | 260409a |
| 100 1# - MAIN ENTRY--PERSONAL NAME | |
| Personal name | Balcells, Rafael |
| 245 10 - TITLE STATEMENT | |
| Title | Necesidad y posibilidad de privatización de las empresas públicas |
| 700 1# - ADDED ENTRY--PERSONAL NAME | |
| Personal name | Piñeiro, Mario L. |
| 700 1# - ADDED ENTRY--PERSONAL NAME | |
| Personal name | Ugalde, Alberto |
| 773 0# - HOST ITEM ENTRY | |
| Title | Ejecutivos de finanzas |
| Related parts | - Año 3, Nº 21 (sep. 1985) |
| Record control number | REV2863 |
No hay ítems disponibles.